| 000 | 01648cam a2200409 a 4500 | ||
|---|---|---|---|
| 999 |
_c28942 _d28913 |
||
| 001 | 15071601 | ||
| 003 | EG-ScBUE | ||
| 005 | 20201017104717.0 | ||
| 006 | m||||fq||h 00| 0 | ||
| 007 | co |g||||||||| | ||
| 008 | 071105s2006 xxua f b 001 0 eng d | ||
| 020 | _a8177226940 | ||
| 035 | _a(OCoLC)ocn180908050 | ||
| 035 | _a(OCoLC)180908050 | ||
| 040 |
_aDLC _beng _erda _cDLC _dYDX _dBAKER _dYDXCP _dDLC _dEG-ScBUE |
||
| 082 | 0 | 4 |
_a006.3 _bJON _222 |
| 100 | 1 |
_aJones, M. Tim, _eauthor. |
|
| 245 | 1 | 0 |
_aArtificial intelligence : _bapplication programming / _cM. Tim Jones. |
| 264 | 1 |
_aUSA : _bCharles River Media, Inc. ; _aNew Delhi : _bDreamtech Press, _c2006. |
|
| 300 |
_axiv, 473 pages : _billustrations ; _c24 cm + _e1 CD. |
||
| 336 |
_2rdacontent _atext _btxt |
||
| 336 |
_2rdacontent _asounds _bsnd |
||
| 337 |
_2rdamedia _aunmediated _bn |
||
| 337 |
_2rdamedia _aaudio _bs |
||
| 338 |
_2rdacarrier _avolume _bnc |
||
| 338 |
_2rdacarrier _acomputer disc _bcd |
||
| 490 | 0 | _aProgramming series | |
| 504 | _aIncludes bibliographical references and index. | ||
| 650 | 7 |
_aArtificial intelligence _xData processing. _2BUEsh |
|
| 650 | 7 |
_aArtificial intelligence _xMathematical models. _2BUEsh |
|
| 653 |
_bMASIICCSS _cOctober2020 |
||
| 655 |
_vReading book _934232 |
||
| 856 | 4 | 1 |
_3Table of contents only _uhttp://www.loc.gov/catdir/toc/ecip084/2007045869.html |
| 906 |
_a7 _bcbc _corignew _d1 _eecip _f20 _gy-gencatlg |
||
| 942 |
_2ddc _cBB |
||